000 00540nam a2200181 a 4500
008 961023s1962 m yCZ 0 cze c
040 _aSNK
_bslo
_cSNK
_eAACR2
041 1 _acze
044 _aCZ
080 _a03=850
245 1 0 _aPříruční slovník naučný i.diel
_n1. díl, A-F
260 _aPraha
_bČeskoslovenská akademie věd
_c1962
300 _axix, 799 s., [60] s. obr., [20] zlož. listov fareb. mp. príl.
_c25 cm
650 0 7 _aencyklopédie české
_2SNK
020 _c85
100 1 _aProcházka, Vladimír
958 _aA
999 _c17753
_d17753